00487 2200169 4500001002100000005001700021006001900038008004100057020002200098035002500120090001700145100001400162245006200176260003800238700002400276990001700300INLIS00000000000840420140307095936.0a ||| | 180719| ||| |  a978-979-29-1260-9 a0010-081300000000041 a004.74 KAR c0 aHernita P00aCARA CEPAT MEMBANGUN DATABASE DENGAN MIXROSOFT EXCEL 2007 aYogyakartabANDI Yogyakartac20090 aKrisna busana karya a8569/PN/2013